Biblioteca y Centro de Documentación

Evolución de los servicios en las grandes economías occidentales (Registro nro. 26246)

Detalles MARC
000 -CABECERA
Longitud fija campo de control 00977naa a2200289 c 4500
001 - NÚMERO DE CONTROL
Número de control 26246
003 - IDENTIFICADOR DE NÚMERO DE CONTROL
Identificador del número de control ES-MaCES
005 - FECHA Y HORA DE LA ÚLTIMA TRANSACCIÓN
Fecha y hora de la última transacción 20150929140413.0
008 - CAMPO FIJO DE DESCRIPCIÓN FIJA--INFORMACIÓN GENERAL
Códigos de información de longitud fija   940104n1990 sp ||| | spa d
035 ## - NÚMERO DE CONTROL DEL SISTEMA
Número de control del sistema CES19980001797v
040 ## - FUENTE DE CATALOGACIÓN
Centro catalogador de origen ES-MaCES
Lengua de catalogación spa
Centro transcriptor ES-MaCES
100 1# - ENCABEZAMIENTO PRINCIPAL--NOMBRE PERSONAL
Nombre de persona Gibert, Ernest
9 (RLIN) 13321
245 10 - MENCIÓN DE TÍTULO
Título Evolución de los servicios en las grandes economías occidentales
Mención de responsabilidad, etc. Ernest Gibert
650 #4 - ASIENTO SECUNDARIO DE MATERIA--TÉRMINO DE MATERIA
Término de materia o nombre geográfico como elemento inicial país desarrollado
9 (RLIN) 27091
650 #4 - ASIENTO SECUNDARIO DE MATERIA--TÉRMINO DE MATERIA
Término de materia o nombre geográfico como elemento inicial productividad
9 (RLIN) 28259
650 #4 - ASIENTO SECUNDARIO DE MATERIA--TÉRMINO DE MATERIA
Término de materia o nombre geográfico como elemento inicial crecimiento de la producción
9 (RLIN) 28245
650 #4 - ASIENTO SECUNDARIO DE MATERIA--TÉRMINO DE MATERIA
Término de materia o nombre geográfico como elemento inicial estructura del empleo
9 (RLIN) 28304
650 #4 - ASIENTO SECUNDARIO DE MATERIA--TÉRMINO DE MATERIA
Término de materia o nombre geográfico como elemento inicial mano de obra
9 (RLIN) 28295
653 10 - TÉRMINO DE INDEXACIÓN--NO CONTROLADO
Término no controlado Servicios
650 #4 - ASIENTO SECUNDARIO DE MATERIA--TÉRMINO DE MATERIA
9 (RLIN) 27071
Término de materia o nombre geográfico como elemento inicial evaluación económica
650 #4 - ASIENTO SECUNDARIO DE MATERIA--TÉRMINO DE MATERIA
9 (RLIN) 29242
Término de materia o nombre geográfico como elemento inicial creación de empleos
650 #4 - ASIENTO SECUNDARIO DE MATERIA--TÉRMINO DE MATERIA
9 (RLIN) 27947
Término de materia o nombre geográfico como elemento inicial sector terciario
773 0# - ENTRADA DE DOCUMENTO FUENTE
Título Papeles de economía española
Parte(s) relacionada(s) Madrid. - N. 42 (1990) ; p. 20-39
Número de control del registro relacionado (ES-MaCES)25203
902 ## - CES. TIPO DE DOCUMENTO
Tipodoc (006$c Sirtex) ART Artículo de revista
942 ## - ELEMENTOS KOHA
Fuente de clasificaión o esquema Clasificación propia del CES
Koha [por defecto] tipo de item Artículos (1982-2017)
Parte de clasificación 5.2.

No hay ítems disponibles.

© CES, Consejo Económico y Social de España 2021